Management controls for professional firms
The book presents practical effective methods used by astute businessmen to define organizational structure and tighten managerial controls.
Shranjeno v:
| Glavni avtor: | |
|---|---|
| Format: | Knjiga |
| Jezik: | Undetermined |
| Izdano: |
New York
American Management Association
1968
|
| Teme: | |
| Oznake: |
Označite
Brez oznak, prvi označite!
|
| Thư viện lưu trữ: | Trung tâm Học liệu Trường Đại học Cần Thơ |
|---|
| LEADER | 00688nam a2200193Ia 4500 | ||
|---|---|---|---|
| 001 | CTU_42977 | ||
| 008 | 210402s9999 xx 000 0 und d | ||
| 082 | |a 658.1 | ||
| 082 | |b J79 | ||
| 100 | |a Jones, Reginald L | ||
| 245 | 0 | |a Management controls for professional firms | |
| 245 | 0 | |c Reginald L Jones, H George Trentin | |
| 260 | |a New York | ||
| 260 | |b American Management Association | ||
| 260 | |c 1968 | ||
| 520 | |a The book presents practical effective methods used by astute businessmen to define organizational structure and tighten managerial controls. | ||
| 650 | |a Management,Professions | ||
| 904 | |i Minh, H.Mai | ||
| 980 | |a Trung tâm Học liệu Trường Đại học Cần Thơ | ||